<A> Multi-Grid Algorithm for Mixed Problems with Penalty Dissertation

Na minha lista:
Detalhes bibliográficos
Autor principal: Ziping, Huang
Formato: Livro
Idioma:inglês
Publicado em: Bochum Ruhr-Universität 1988
Edição:1. ed.
Tags: Adicionar Tag
Sem tags, seja o primeiro a adicionar uma tag!

MARC

LEADER 00000nam a2200000 4500
001 c033253
005 20221219120258.1
041 0 |a eng 
044 |a DE 
245 1 0 |a <A> Multi-Grid Algorithm for Mixed Problems with Penalty  |b Dissertation  |c Huang Ziping 
250 |a 1. ed. 
264 1 |a Bochum  |b Ruhr-Universität  |c 1988 
300 |a 30 s. 
100 1 |a Ziping, Huang